000 00649nam a2200229Ia 4500
003 OSt
005 20220928113622.0
006 a|||||r|||| 00| 0
007 ta
008 220927b |||||||| |||| 00| 0 eng d
024 _a42131
037 _cTextual
040 _aSDCL
_cSDCL
_beng
041 _2eng
_aeng
082 _aXM8:6, M0
100 _aBierman Harold
_9374971
245 0 _aStrategic financial planning
_b A manager's guide to improving profit performance
260 _aNew York
_b Free Press
_c1980
300 _avii,231p
_ccm.
942 _hXM8:6, M0
_cTEXL
_2CC
999 _c750482
_d750482